Geomentry - Part - 2 Chapters 8 - 14 (Record no. 2495)

MARC details
000 -LEADER
fixed length control field 00243nam a22000857a 4500
003 - CONTROL NUMBER IDENTIFIER
control field OSt
005 - DATE AND TIME OF LATEST TRANSACTION
control field 20171106102933.0
008 - FIXED-LENGTH DATA ELEMENTS--GENERAL INFORMATION
fixed length control field 160716b xxu||||| |||| 00| 0 eng d
020 ## - INTERNATIONAL STANDARD BOOK NUMBER
International Standard Book Number 9780130585141
040 ## - CATALOGING SOURCE
Transcribing agency MATHS
100 ## - MAIN ENTRY--PERSONAL NAME
9 (RLIN) 2930
Personal name Usiskin, Z., et al
245 ## - TITLE STATEMENT
Title Geomentry - Part - 2 Chapters 8 - 14
260 ## - PUBLICATION, DISTRIBUTION, ETC. (IMPRINT)
Place of publication, distribution, etc. N.J
Name of publisher, distributor, etc. Prentice Hall
Date of publication, distribution, etc. 2002
942 ## - ADDED ENTRY ELEMENTS (KOHA)
Source of classification or shelving scheme Dewey Decimal Classification
Koha item type Reference
Holdings
Withdrawn status Lost status Source of classification or shelving scheme Damaged status Not for loan Home library Current library Shelving location Date acquired Total Checkouts Full call number Barcode Date last seen Price effective from Koha item type
    Dewey Decimal Classification     Good Samaritan School Library Good Samaritan School Library Mathematics 07/16/2016   USI510 B-4 USI4081 07/16/2016 07/16/2016 Reference

Powered by Koha